Phong thủy nhà ở Những điều kiêng kỵ và cách hóa giải

Dựa trên lý luận kinh dịch truyền thống kết hợp với thực tiễn kiến trúc hiện đại để nghiên cứ về phong thủy nhà ở và nêu lên những vấn đề kiêng kỵ ; cách thức hóa giải đối với nhà ở...

में बचाया:
ग्रंथसूची विवरण
मुख्य लेखक: Âu Dương Vũ Phong (Tác giả)
अन्य लेखक: Di Linh (Dịch)
स्वरूप: पुस्तक
भाषा:Vietnamese
प्रकाशित: Đà Nẵng Nxb Đà Nẵng 2006
विषय:
टैग : टैग जोड़ें
कोई टैग नहीं, इस रिकॉर्ड को टैग करने वाले पहले व्यक्ति बनें!
Thư viện lưu trữ: Mạng thư viện Đại học Đà Nẵng
LEADER 01356nam a2200349 4500
001 000007908
003 4085
005 20120517140511.0
008 111013s2006 viesd
020 |c 36000đ 
041 0 |a vie 
082 |a 133.333  |b ÂU-P 
100 0 |a Âu Dương Vũ Phong  |e Tác giả 
245 0 |a Phong thủy nhà ở  |b Những điều kiêng kỵ và cách hóa giải  |c Âu Dương Vũ Phong 
260 |a Đà Nẵng  |b Nxb Đà Nẵng  |c 2006 
300 |a 184 tr.  |c 21 cm 
520 |a Dựa trên lý luận kinh dịch truyền thống kết hợp với thực tiễn kiến trúc hiện đại để nghiên cứ về phong thủy nhà ở và nêu lên những vấn đề kiêng kỵ ; cách thức hóa giải đối với nhà ở... 
653 |a Văn hóa 
653 |a Phong thủy 
653 |a Nhà ở 
700 |a Di Linh  |e Dịch 
910 |a Duyên 
OWN |a LSP 
AVA |a UDN50  |b LSP  |d 133.333 ÂU-P  |e available  |t Error 5001 Not defined in file expand_doc_bib_avail.  |f 6  |g 0  |h N  |i 0  |k 1 
999 |a From the UDN01 
AVA |a UDN50  |b LSP  |d 133.333 ÂU-P  |e available  |t Error 5001 Not defined in file expand_doc_bib_avail.  |f 6  |g 0  |h N  |i 0  |k 1 
TYP |a Monograph 
TYP |a Printed language 
980 |a Mạng thư viện Đại học Đà Nẵng